Galicia no tempo (Record no. 2002)

MARC details
000 -CABECERA
campo de control de longitud fija 01194nam a2200265 a 4500
001 - NÚMERO DE CONTROL
campo de control BRCA_2253
005 - FECHA Y HORA DE LA ÚLTIMA TRANSACCIÓN
campo de control 20190320203731.0
008 - DATOS DE LONGITUD FIJA--INFORMACIÓN GENERAL
campo de control de longitud fija 911010s1991 sp-a---##b---#000-0deng-d
020 ## - NÚMERO INTERNACIONAL ESTÁNDAR DEL LIBRO
Número Internacional Estándar del Libro 8445301829
040 ## - FUENTE DE LA CATALOGACIÓN
Centro catalogador/agencia de origen MiEM
Centro/agencia transcriptor MiEM
Centro/agencia modificador PPiU
041 ## - CÓDIGO DE LENGUA
Código de lengua del texto/banda sonora o título independiente spa
050 #4 - SIGNATURA TOPOGRÁFICA DE LA BIBLIOTECA DEL CONGRESO
Número de clasificación NA5811.52
Número de documento/Ítem .G28 1991
245 10 - MENCIÓN DE TÍTULO
Título Galicia no tempo
Resto del título Monasterio de San Martiño Pinario : Santiago de Compostela : Arcebispado de Santiago.
260 ## - PUBLICACIÓN, DISTRIBUCIÓN, ETC.
Lugar de publicación, distribución, etc. Santiago de Compostela, España
Nombre del editor, distribuidor, etc. Xunta de Galicia : Consellería de Cultura e Xuventude : Dirección Xeral do Patrimonio Histórico e Documental
Fecha de publicación, distribución, etc. 1991
300 ## - DESCRIPCIÓN FÍSICA
Extensión 451 p.
Otras características físicas il. (algunas a color)
Dimensiones 30 cm.
500 ## - NOTA GENERAL
Nota general Catálogo de la exposición realizada en la iglesia y en el monasterio de San Martiño Pinario, (Santiago de Compostela, España), del 01 de marzo al 31 de mayo de 1991
500 ## - NOTA GENERAL
Nota general Incluye biografía de artístas
504 ## - NOTA DE BIBLIOGRAFÍA, ETC.
Nota de bibliografía, etc. Bibliografía: p. 429-445.
650 14 - PUNTO DE ACCESO ADICIONAL DE MATERIA--TÉRMINO DE MATERIA
Término de materia o nombre geográfico como elemento de entrada Arte cristiano y simbolismo
Subdivisión general Exposiciones
Subdivisión geográfica España
9 (RLIN) 6763
650 14 - PUNTO DE ACCESO ADICIONAL DE MATERIA--TÉRMINO DE MATERIA
Término de materia o nombre geográfico como elemento de entrada Arte español
Subdivisión general Exposiciones
Subdivisión geográfica España
9 (RLIN) 6764
650 14 - PUNTO DE ACCESO ADICIONAL DE MATERIA--TÉRMINO DE MATERIA
Término de materia o nombre geográfico como elemento de entrada Arte Romano
Subdivisión general Exposiciones
Subdivisión geográfica España
9 (RLIN) 6765
650 14 - PUNTO DE ACCESO ADICIONAL DE MATERIA--TÉRMINO DE MATERIA
Término de materia o nombre geográfico como elemento de entrada Arte
Subdivisión general Exposiciones
Subdivisión geográfica España
9 (RLIN) 6766
651 #4 - PUNTO DE ACCESO ADICIONAL DE MATERIA--NOMBRE GEOGRÁFICO
Nombre geográfico Galicia (España)
9 (RLIN) 6767
942 ## - ELEMENTOS DE PUNTO DE ACCESO ADICIONAL (KOHA)
Fuente del sistema de clasificación o colocación Library of Congress Classification
Tipo de ítem Koha Libros
Holdings
Estado de retiro Estado de pérdida Estado dañado No para préstamo Localización permanente Ubicación/localización actual Fecha de adquisición Total de préstamos Signatura topográfica completa Código de barras Fecha visto por última vez Precio válido a partir de Tipo de ítem Koha
El ejemplar forma parte de la colección y puede ser consultado según las políticas vigentes.       Biblioteca del Museo Franz Mayer (Rogerio Casas-Alatriste) Biblioteca del Museo Franz Mayer (Rogerio Casas-Alatriste) 14/08/2008   NA5811.52 .G28 1991 02303 22/03/2019 22/03/2019 Libros